<?xml version="1.0" encoding="UTF-8"?>
<record
    xmlns:xsi="http://www.w3.org/2001/XMLSchema-instance"
    xsi:schemaLocation="http://www.loc.gov/MARC21/slim http://www.loc.gov/standards/marcxml/schema/MARC21slim.xsd"
    xmlns="http://www.loc.gov/MARC21/slim">

  <leader>01653nam0a2200349   4500</leader>
  <controlfield tag="001">RU\NLR\bibl\1700106</controlfield>
  <controlfield tag="005">20260406162109.0</controlfield>
  <datafield tag="010" ind1=" " ind2=" ">
    <subfield code="a">978-5-699-35595-2</subfield>
    <subfield code="b">&#x432; &#x43F;&#x435;&#x440;.</subfield>
    <subfield code="9">6500</subfield>
  </datafield>
  <datafield tag="021" ind1=" " ind2=" ">
    <subfield code="a">RU</subfield>
    <subfield code="b">2009-45307</subfield>
    <subfield code="9">544&#x434;/2010</subfield>
  </datafield>
  <datafield tag="035" ind1=" " ind2=" ">
    <subfield code="a">(nilc)RSL-KNO-004747063</subfield>
  </datafield>
  <datafield tag="035" ind1=" " ind2=" ">
    <subfield code="a">(NLR Aleph) 001691191</subfield>
  </datafield>
  <datafield tag="090" ind1=" " ind2=" ">
    <subfield code="a">1161845</subfield>
    <subfield code="c">1161845</subfield>
  </datafield>
  <datafield tag="100" ind1=" " ind2=" ">
    <subfield code="a">20090529d2009    |||y0rusy50      ca</subfield>
  </datafield>
  <datafield tag="101" ind1="0" ind2=" ">
    <subfield code="a">rus</subfield>
  </datafield>
  <datafield tag="102" ind1=" " ind2=" ">
    <subfield code="a">RU</subfield>
  </datafield>
  <datafield tag="105" ind1=" " ind2=" ">
    <subfield code="a">a   zzzz|||||</subfield>
  </datafield>
  <datafield tag="200" ind1="1" ind2=" ">
    <subfield code="a">&#x421;&#x43A;&#x430;&#x437;&#x43A;&#x438; &#x43F;&#x43E; &#x442;&#x435;&#x43B;&#x435;&#x444;&#x43E;&#x43D;&#x443;</subfield>
    <subfield code="e">[&#x434;&#x43B;&#x44F; &#x441;&#x442;&#x430;&#x440;&#x448;&#x435;&#x433;&#x43E; &#x434;&#x43E;&#x448;&#x43A;&#x43E;&#x43B;&#x44C;&#x43D;&#x43E;&#x433;&#x43E; &#x432;&#x43E;&#x437;&#x440;&#x430;&#x441;&#x442;&#x430;]</subfield>
    <subfield code="f">&#x414;&#x436;&#x430;&#x43D;&#x43D;&#x438; &#x420;&#x43E;&#x434;&#x430;&#x440;&#x438;</subfield>
    <subfield code="g">&#x440;&#x438;&#x441;. &#x412;&#x43B;&#x430;&#x434;&#x438;&#x43C;&#x438;&#x440;&#x430; &#x41A;&#x430;&#x43D;&#x438;&#x432;&#x446;&#x430;</subfield>
  </datafield>
  <datafield tag="210" ind1=" " ind2=" ">
    <subfield code="a">&#x41C;&#x43E;&#x441;&#x43A;&#x432;&#x430;</subfield>
    <subfield code="c">&#x42D;&#x43A;&#x441;&#x43C;&#x43E;</subfield>
    <subfield code="d">2009</subfield>
  </datafield>
  <datafield tag="215" ind1=" " ind2=" ">
    <subfield code="a">76, [3] &#x441;.</subfield>
    <subfield code="c">&#x446;&#x432;. &#x438;&#x43B;.</subfield>
    <subfield code="d">22</subfield>
  </datafield>
  <datafield tag="327" ind1="1" ind2=" ">
    <subfield code="a">&#x421;&#x43E;&#x434;&#x435;&#x440;&#x436;.: &#x421;&#x442;&#x440;&#x430;&#x43D;&#x430; &#x431;&#x435;&#x437; &#x443;&#x433;&#x43B;&#x43E;&#x432; ; &#x41D;&#x435;&#x437;&#x430;&#x434;&#x430;&#x447;&#x43B;&#x438;&#x432;&#x44B;&#x439; &#x43E;&#x445;&#x43E;&#x442;&#x43D;&#x438;&#x43A; ; &#x420;&#x430;&#x441;&#x441;&#x435;&#x44F;&#x43D;&#x43D;&#x44B;&#x439; &#x43C;&#x430;&#x43B;&#x44C;&#x447;&#x438;&#x43A; ; &#x41D;&#x435;&#x431;&#x44B;&#x432;&#x430;&#x43B;&#x44B;&#x439; &#x434;&#x43E;&#x436;&#x434;&#x44C; ; &#x414;&#x43E;&#x43C; &#x438;&#x437; &#x43C;&#x43E;&#x440;&#x43E;&#x436;&#x435;&#x43D;&#x43D;&#x43E;&#x433;&#x43E; ; &#x421;&#x431;&#x435;&#x436;&#x430;&#x432;&#x448;&#x438;&#x439; &#x43D;&#x43E;&#x441; ; &#x41C;&#x430;&#x441;&#x43B;&#x44F;&#x43D;&#x44B;&#x435; &#x447;&#x435;&#x43B;&#x43E;&#x432;&#x435;&#x447;&#x43A;&#x438; ; &#x421;&#x438;&#x43D;&#x438;&#x439; &#x441;&#x432;&#x435;&#x442;&#x43E;&#x444;&#x43E;&#x440; &#x438; &#x434;&#x440;&#x443;&#x433;&#x438;&#x435; &#x441;&#x430;&#x43C;&#x44B;&#x435; &#x43B;&#x443;&#x447;&#x448;&#x438;&#x435; &#x438; &#x43B;&#x44E;&#x431;&#x438;&#x43C;&#x44B;&#x435; &#x441;&#x43A;&#x430;&#x437;&#x43A;&#x438;</subfield>
  </datafield>
  <datafield tag="686" ind1=" " ind2=" ">
    <subfield code="a">&#x428;9(2)70(4&#x418;&#x442;)</subfield>
    <subfield code="2">rubbk</subfield>
  </datafield>
  <datafield tag="686" ind1=" " ind2=" ">
    <subfield code="a">&#x428;9(4&#x418;&#x442;)60-4</subfield>
  </datafield>
  <datafield tag="700" ind1=" " ind2="1">
    <subfield code="4">070</subfield>
    <subfield code="8">rus</subfield>
    <subfield code="7">ca</subfield>
    <subfield code="a">&#x420;&#x43E;&#x434;&#x430;&#x440;&#x438;</subfield>
    <subfield code="b">&#x414;.</subfield>
    <subfield code="f">1920-1980</subfield>
    <subfield code="g">&#x414;&#x436;&#x430;&#x43D;&#x43D;&#x438;</subfield>
    <subfield code="3">RU\NLR\auth\779111</subfield>
    <subfield code="9">118978</subfield>
  </datafield>
  <datafield tag="702" ind1=" " ind2="1">
    <subfield code="4">040</subfield>
    <subfield code="8">rus</subfield>
    <subfield code="7">ca</subfield>
    <subfield code="a">&#x41A;&#x430;&#x43D;&#x438;&#x432;&#x435;&#x446;</subfield>
    <subfield code="b">&#x412;. &#x41C;.</subfield>
    <subfield code="c">&#x445;&#x443;&#x434;&#x43E;&#x436;&#x43D;&#x438;&#x43A;-&#x438;&#x43B;&#x43B;&#x44E;&#x441;&#x442;&#x440;&#x430;&#x442;&#x43E;&#x440;</subfield>
    <subfield code="f">1957-</subfield>
    <subfield code="g">&#x412;&#x43B;&#x430;&#x434;&#x438;&#x43C;&#x438;&#x440; &#x41C;&#x438;&#x445;&#x430;&#x439;&#x43B;&#x43E;&#x432;&#x438;&#x447;</subfield>
    <subfield code="3">RU\NLR\AUTH\7761776</subfield>
    <subfield code="9">44706</subfield>
  </datafield>
  <datafield tag="801" ind1=" " ind2="0">
    <subfield code="a">RU</subfield>
    <subfield code="b">&#x420;&#x413;&#x411;</subfield>
    <subfield code="c">20090529</subfield>
    <subfield code="g">rcr</subfield>
  </datafield>
  <datafield tag="801" ind1=" " ind2="1">
    <subfield code="a">RU</subfield>
    <subfield code="b">&#x420;&#x413;&#x411;</subfield>
    <subfield code="c">20090529</subfield>
  </datafield>
  <datafield tag="801" ind1=" " ind2="2">
    <subfield code="a">RU</subfield>
    <subfield code="b">NLR</subfield>
    <subfield code="c">20101115</subfield>
    <subfield code="g">rcr</subfield>
  </datafield>
  <datafield tag="942" ind1=" " ind2=" ">
    <subfield code="c">BOOK</subfield>
  </datafield>
  <datafield tag="980" ind1=" " ind2=" ">
    <subfield code="a">NB</subfield>
  </datafield>
  <datafield tag="995" ind1=" " ind2=" ">
    <subfield code="5">2010-11-15</subfield>
    <subfield code="a">ad</subfield>
    <subfield code="b">NLR01</subfield>
    <subfield code="c">NLR01</subfield>
    <subfield code="e">RF8</subfield>
    <subfield code="f">3293004</subfield>
    <subfield code="k">2010-6/1675</subfield>
    <subfield code="o">0</subfield>
    <subfield code="r">BOOK</subfield>
    <subfield code="s">201061675_</subfield>
  </datafield>
  <datafield tag="995" ind1=" " ind2=" ">
    <subfield code="5">2010-11-15</subfield>
    <subfield code="a">ad</subfield>
    <subfield code="b">NLR02</subfield>
    <subfield code="c">NLR02</subfield>
    <subfield code="e">AB</subfield>
    <subfield code="f">3293005</subfield>
    <subfield code="k">&#x410;&#x431; &#x428;9/&#x420;-60</subfield>
    <subfield code="o">0</subfield>
    <subfield code="r">BOOK</subfield>
    <subfield code="s">_960</subfield>
  </datafield>
</record>
